A carregar...

Introduction to set theory

Detalhes bibliográficos
Autor principal: Hrbacek, Karel
Outros Autores: Jech, Thomas
Formato: Printed Book
Publicado em: Marcel Dekker, INC. New York 1984
Assuntos:
LEADER 00526nam a2200169 4500
082 |a 511.322 HRB-I 
100 |a Hrbacek, Karel 
245 |a Introduction to set theory  |c Karel Hrbacek and Thomas Jech 
250
260 |a Marcel Dekker, INC. New York  |c 1984 
300
490
650 |a Set theory-- Fuzzy sets-- Transfinite numbers 
700 |a Jech, Thomas 
942 |c BK 
999 |c 203460  |d 203460 
952 |0 0  |1 0  |4 0  |6 511_322000000000000_HRBI  |7 0  |9 216809  |a MAT  |b MAT  |l 0  |o 511.322 HRB-I  |p MAT4827  |r 2019-11-01  |w 2019-11-01  |y BK